000 00536nam a22001937a 4500
999 _c9315
_d9315
003 AR-CdUCM
008 190327b ||||| |||| 00| 0 spa d
040 _aMUNICIPALIDAD PROVINCIAL DEL CUSCO
_cBIBLIOTECA MUNICIPAL DEL CUSCO
082 _a869.56 /
_bM43
100 _aMercado, Guillermo
_9952
245 _aInampu :
_bPoemas /
300 _a89 paginas ;
_c23 cm.
505 _aContenido : Inampu -- poemas ...
650 _aPoemas
_9929
650 _aLiteratura
_983
650 _aSiglo XX
_98
942 _2ddc
_cLIBROS
945 _arah